Accounting business ethics : (Record no. 1685)
[ view plain ]
| 000 -LEADER | |
|---|---|
| fixed length control field | 00707nam a2200205 ar4500 |
| 001 - CONTROL NUMBER | |
| control field | 1687 |
| 005 - DATE AND TIME OF LATEST TRANSACTION | |
| control field | 20221127090250.0 |
| 008 - FIXED-LENGTH DATA ELEMENTS--GENERAL INFORMATION | |
| fixed length control field | 100124s xxka 00110|eng d |
| 020 ## - INTERNATIONAL STANDARD BOOK NUMBER | |
| International Standard Book Number | 9780415362368(pbk) : |
| Terms of availability | SR135.00 |
| 082 04 - DEWEY DECIMAL CLASSIFICATION NUMBER | |
| Classification number | 174.4 |
| Item number | M241 2009 |
| 100 1# - MAIN ENTRY--PERSONAL NAME | |
| Personal name | McPhail, Ken. |
| 245 10 - TITLE STATEMENT | |
| Title | Accounting business ethics : |
| Remainder of title | an introduction / |
| Statement of responsibility, etc. | Ken McPhail, Diane Walters. |
| 260 ## - PUBLICATION, DISTRIBUTION, ETC. | |
| Place of publication, distribution, etc. | London ; |
| -- | New York : |
| Name of publisher, distributor, etc. | Routledge, |
| Date of publication, distribution, etc. | 2009. |
| 300 ## - PHYSICAL DESCRIPTION | |
| Extent | xii, 225 p. : |
| Other physical details | ill. ; |
| Dimensions | 23 cm. |
| 504 ## - BIBLIOGRAPHY, ETC. NOTE | |
| Bibliography, etc. note | Includes bibl. references and index. |
| 650 #4 - SUBJECT ADDED ENTRY--TOPICAL TERM | |
| Topical term or geographic name entry element | Business ethics. |
| 650 #4 - SUBJECT ADDED ENTRY--TOPICAL TERM | |
| Topical term or geographic name entry element | Industrial management |
| General subdivision | Moral and ethical aspects. |
| 650 #4 - SUBJECT ADDED ENTRY--TOPICAL TERM | |
| Topical term or geographic name entry element | Accounting |
| General subdivision | Moral and ethical aspects. |
| 700 0# - ADDED ENTRY--PERSONAL NAME | |
| Personal name | Walters, Diane, |
| Relator term | jt. auth. |
| Withdrawn status | Lost status | Source of classification or shelving scheme | Damaged status | Not for loan | Home library | Current library | Date acquired | Total Checkouts | Full call number | Barcode | Date last seen | Copy number | Price effective from | Koha item type | Date last checked out |
|---|---|---|---|---|---|---|---|---|---|---|---|---|---|---|---|
| 11/27/2022 | 174.4 M241 2009 | 1000000010135 | 11/27/2022 | ل 1 | 11/27/2022 | Book | |||||||||
| CENTRAL | CENTRAL | 11/27/2022 | 174.4 M241 2009 | 1000000005958 | 11/27/2022 | C1 | 11/27/2022 | Book | |||||||
| WOMEN | 11/27/2022 | 1 | 174.4 M241 2009 | 1000000006426 | 11/24/2024 | C2 | 11/27/2022 | Book | 11/24/2024 |
